Nocny Patrol (Record n. 99042)

Dettagli MARC
000 -LEADER
fixed length control field 01044njm a2200301Ia 4500
001 - CONTROL NUMBER
control field 37815
003 - CONTROL NUMBER IDENTIFIER
control field IT-RoPAU
005 - DATE AND TIME OF LATEST TRANSACTION
control field 20220918181112.0
008 - FIXED-LENGTH DATA ELEMENTS--GENERAL INFORMATION
fixed length control field 131025s9999 xx 000 0 und d
040 ## - CATALOGING SOURCE
Original cataloging agency IT-RoPAU
040 ## - CATALOGING SOURCE
Transcribing agency IT-RoPAU
041 ## - LANGUAGE CODE
Language code of text/sound track or separate title POLACCO
999 ## - SYSTEM CONTROL NUMBERS (KOHA)
Koha Dewey Subclass [OBSOLETE] SI
100 ## - MAIN ENTRY--PERSONAL NAME
Personal name Jackowski Marek
9 (RLIN) 20032
100 ## - MAIN ENTRY--PERSONAL NAME
Relator term Autore musica
9 (RLIN) 20033
100 ## - MAIN ENTRY--PERSONAL NAME
Miscellaneous information Codice autore musica SPICS: 25111
9 (RLIN) 20034
245 ## - TITLE STATEMENT
Title Nocny Patrol
250 ## - EDITION STATEMENT
Edition statement 1a ed.
260 ## - PUBLICATION, DISTRIBUTION, ETC. (IMPRINT)
Place of publication, distribution, etc. POLONIA
260 ## - PUBLICATION, DISTRIBUTION, ETC. (IMPRINT)
Name of publisher, distributor, etc. POLTON
Date of publication, distribution, etc. 1983 [1a Ed.:1983 - Ed. Lingua Orig.: 1983]
300 ## - PHYSICAL DESCRIPTION
Extent DISCO
500 ## - GENERAL NOTE
General note Musica polacca. Canzone polacca
505 ## - FORMATTED CONTENTS NOTE
Formatted contents note Nocny Patrol - Jestem Kobieta - To Tylko Tango - French Is Strange - Polskie Ulice - Eksplozja - Zdrada - Raz Dwa Raz Dwa - Krakowski Spleen - Milosc Jest Jak Opium
650 ## - SUBJECT ADDED ENTRY--TOPICAL TERM
Topical term or geographic name as entry element CANZONE POLACCA [DISCHI]
Relator term Codice MATERIA SPICS: 9950
9 (RLIN) 20035
700 ## - ADDED ENTRY--PERSONAL NAME
Personal name Jackowska O.
Relator term Autore
Miscellaneous information Codice autore SPICS: 25200
9 (RLIN) 20036
700 ## - ADDED ENTRY--PERSONAL NAME
Personal name Maanam
Miscellaneous information Codice interprete SPICS: 17425
Relator term Interprete
9 (RLIN) 20037
942 ## - ADDED ENTRY ELEMENTS (KOHA)
Koha item type DISCHI
Source of classification or shelving scheme Dewey Decimal Classification
Dati di copia
Withdrawn status Lost status Damaged status Not for loan Home library Current library Date acquired Total Checkouts Full call number Date last seen Price effective from Koha item type Public note
    Buone Condizioni Not For Loan SPICS-MEDIATECA SPICS-MEDIATECA 25/10/2013   37815 25/10/2013 25/10/2013 DISCHI Progr. Ins.: 13640 / N.Vol.: 1 / Copie: 1 - Copia rara: SI / date import: 01.01.2014 - By Epidotti, Trombetti, Vaglietti
CREDITS: SOCIETA' SAN PAOLO Via A.Severo, 58 - ROMA (RM) & PERIODICI SAN PAOLO SRL Via Giotto, 36 MILANO & CISF Via Giotto, 36 MILANO & EDIZIONI SAN PAOLO SRL,  Piazza Soncino, 5 CINISELLO BALSAMO (MI) -- ITALY